| 000 | 00715nam a2200229Ia 4500 | ||
|---|---|---|---|
| 003 | GCL | ||
| 008 | 140319s9999 xx 000 0 ara d | ||
| 040 |
_aGCL / _cGCL |
||
| 082 | 0 | 4 |
_a372.7 _bن م |
| 100 | 1 | _aنظلة حسن احمد خضر | |
| 245 | 1 | 0 |
_aالمدرس والرياضيات الحديثة والتقليدية / _cنظلة حسن احمد خضر |
| 250 | _aالثانية | ||
| 260 |
_aالقاهرة : _bعالم الكتب الحديث ، _c1985 |
||
| 300 |
_a442 ص ؛ _c24 سم |
||
| 490 | _a | ||
| 650 | 0 | 4 | _aالتعليم |
| 650 | 0 | 4 | _aالتعليم العالى |
| 650 | 0 | 4 | _aالرياضيات |
| 650 | 0 | 4 | _aالتقليدية |
| 650 | 0 | 4 | _aالمدرسون |
| 942 |
_2ddc _cBK |
||
| 999 |
_c32394 _d32394 |
||